| 000 | 00377nam a2200145Ia 4500 | ||
|---|---|---|---|
| 008 | 240624s9999 xx 000 0 und d | ||
| 041 | _aeng | ||
| 082 | _a519.2 GAR | ||
| 100 | _aGARDINER CRISPIN | ||
| 245 | _aSTOCHASTIC METHODS A HANDBOOK FOR THE NA | ||
| 250 | _a(4th ed.) | ||
| 260 |
_c2009 _aLondon _bSpringer |
||
| 300 | _axvii, : 447 : p. : cm. ; 24 | ||
| 365 |
_cERU _b26 |
||
| 999 |
_c20728 _d20728 |
||